Statistics for Top 100 Most Populated Countries In The World

Click here to take the quiz!

General Stats

  • This quiz has been taken 53 times
  • The average score is 85 of 100

Answer Stats

HintAnswer% Correct
210,193,253Brazil
100%
1,426,279,708China
100%
67,699,975France
100%
1,338,558,742India
100%
263,564,697Indonesia
100%
129,132,150Mexico
100%
66,465,841United Kingdom
100%
327,527,107United States
100%
44,139,544Argentina
98%
127,962,410Japan
98%
20,482,410Niger
98%
194,749,053Pakistan
98%
144,154,086Russia
98%
24,218,114Australia
96%
185,313,910Nigeria
96%
38,491,521Poland
96%
51,293,792South Korea
96%
46,569,676Spain
96%
9,849,353Sweden
96%
44,473,010Ukraine
96%
95,832,057Vietnam
96%
36,436,169Canada
93%
18,078,354Chile
93%
81,845,984Germany
93%
11,219,044Greece
93%
59,484,488Italy
93%
17,380,880Netherlands
93%
10,417,153Portugal
93%
19,824,382Romania
93%
32,539,224Saudi Arabia
93%
56,295,634South Africa
93%
69,441,962Thailand
93%
11,364,779Belgium
91%
96,325,988Egypt
91%
35,672,428Morocco
91%
25,545,331North Korea
91%
34,766,412Afghanistan
89%
8,746,235Austria
89%
165,552,994Bangladesh
89%
49,265,468Colombia
89%
11,557,480Cuba
87%
10,645,674Czechia
87%
102,675,041Ethiopia
87%
9,771,954Hungary
87%
81,797,656Iran
87%
31,901,161Venezuela
87%
14,385,202Chad
85%
78,273,687Democratic Republic of the Congo
85%
37,295,157Iraq
85%
8,223,822Israel
85%
18,087,847Kazakhstan
85%
48,697,264Kenya
85%
31,556,982Malaysia
85%
32,114,828Peru
85%
104,134,624Philippines
85%
39,655,145Sudan
85%
8,429,973Switzerland
85%
55,490,497Tanzania
85%
80,091,763Turkey
85%
41,374,801Uganda
85%
41,029,442Algeria
83%
9,495,825Belarus
83%
14,254,294Somalia
83%
23,809,728Taiwan
83%
16,220,754Zimbabwe
83%
15,958,315Cambodia
80%
23,430,518Cameroon
80%
10,776,164Dominican Republic
80%
9,315,926United Arab Emirates
80%
31,875,299Uzbekistan
80%
16,576,396Zambia
80%
10,982,123Bolivia
78%
28,313,739Ghana
78%
9,521,919Jordan
78%
28,739,923Mozambique
78%
29,431,111Nepal
78%
8,842,004Serbia
78%
12,201,227South Sudan
78%
27,734,306Yemen
78%
16,557,229Ecuador
76%
16,745,760Guatemala
76%
12,387,022Guinea
76%
9,232,279Honduras
76%
24,958,652Madagascar
76%
17,930,613Mali
76%
53,384,582Myanmar
76%
18,780,623Syria
76%
28,707,805Angola
74%
8,820,238Tajikistan
74%
9,846,285Azerbaijan
72%
15,428,967Senegal
72%
21,030,652Sri Lanka
72%
11,524,084Tunisia
72%
10,960,936Haiti
67%
23,628,006Ivory Coast
67%
18,116,403Malawi
67%
11,973,876Rwanda
63%
10,867,549Benin
57%
18,627,215Burkina Faso
54%
11,479,724Burundi
54%

Score Distribution

Percentile by Number Answered

Percent of People with Each Score

Your Score History

You have not taken this quiz